Military Leaders Quiz - Statistics

General Stats
  • This quiz has been taken 79 times
  • The average score is 7 of 9
Answer Stats
Clue Answer % Correct
Unfortunately he is most well known for his height rather than his military or political achievements Napoléon Bonaparte
96%
Gave birth to one of the largest empires the world has ever seen. The empire was well known for their horsemanship and speed in which they conquered Genghis Khan
90%
Conquered the Middle East and ventured as far east as India Alexander the Great
87%
Led his army across the alps and harassed the Romans in their homeland for a number of years Hannibal Barca
85%
Was the first of his people to lead an army across the Rhine and the English Channel Julius Caesar
78%
Most well known for being the author the ‘The Art of War’ Sun Tzu
78%
Defeated the bloke above, but perhaps his greatest achievement is having a rubber boot named after him Duke of Wellington
65%
Killed his brother, laid waste to much of Central Europe and striked fear into the hearts of the Roman peoples Attila the Hun
53%
Inflicted one of the worst military defeats of the Hundred Years’ War upon the French Henry V of England
19%
No matching quizzes found
Score Distribution
Percent of People with Each Score
Percentile by Number Answered
Your Score History
You have not taken this quiz